[Event "Santa Catarina-ch U18"]
[Site "Blumenau"]
[Date "2022.03.26"]
[Round "4"]
[White "Moretto, Heitor Frainer"]
[Black "Felix, Joao Eduardo Orland"]
[Result "1-0"]
[WhiteElo "1628"]
[BlackElo "1582"]
[PlyCount "34"]
[EventDate "2022.03.25"]
[EventType "swiss"]
[EventRounds "6"]
[EventCountry "BRA"]
[SourceTitle "EXT 2023"]
[Source "ChessBase"]
[SourceDate "2022.10.05"]
[SourceVersion "1"]
[SourceVersionDate "2022.10.05"]
[SourceQuality "1"]

1. e4 c5 2. c3 d5 3. exd5 Qxd5 4. d4 cxd4 5. cxd4 Nc6 6. Nf3 Nf6 7. Nc3 Qa5 8. d5 Nb4 9. Bb5+ Bd7 10. Bxd7+ Kxd7 11. Bg5 Rd8 12. a3 Na6 13. b4 Qb6 14. Rc1 e6 15. dxe6+ Kxe6 16. Qe2+ Kd7 17. Ne5+ Ke6 1-0

[Event "Pan American-ch U1700"]
[Site "Timbo"]
[Date "2021.12.01"]
[Round "1"]
[White "Moretto, Heitor Frainer"]
[Black "Kannenberg, Brayan Kelvin Greth"]
[Result "1-0"]
[WhiteElo "1531"]
[BlackElo "1095"]
[PlyCount "59"]
[EventDate "2021.12.01"]
[EventType "swiss"]
[EventRounds "9"]
[EventCountry "BRA"]
[SourceTitle "CBM 205 Extra"]
[Source "ChessBase"]
[SourceDate "2022.01.31"]
[SourceVersion "1"]
[SourceVersionDate "2022.01.31"]
[SourceQuality "1"]

1. d4 Nf6 2. Nf3 g6 3. Nc3 Bg7 4. e4 d6 5. Bc4 Bg4 6. h3 Bxf3 7. Qxf3 0-0 8. 0-0 Nc6 9. Be3 e5 10. d5 Ne7 11. Rfe1 Nd7 12. Qe2 f5 13. f3 f4 14. Bf2 g5 15. b4 h5 16. Bd3 Nf6 17. Rac1 Qe8 18. Nb5 Rc8 19. Nxa7 Ra8 20. Nb5 Qc8 21. c4 g4 22. fxg4 hxg4 23. hxg4 Nxg4 24. c5 Nxf2 25. Qxf2 Qd7 26. cxd6 cxd6 27. Rc7 Qg4 28. Be2 Qg5 29. Bf3 Rfd8 30. Rxb7 1-0

[Event "Rio Negrinho Froebel op"]
[Site "Rio Negrinho"]
[Date "2021.07.11"]
[Round "6"]
[White "Calcada, Henrique Galvan"]
[Black "Moretto, Heitor Frainer"]
[Result "1/2-1/2"]
[WhiteElo "1314"]
[BlackElo "1546"]
[PlyCount "70"]
[EventDate "2021.07.09"]
[EventType "swiss"]
[EventRounds "6"]
[EventCountry "BRA"]
[SourceTitle "EXT 2022"]
[Source "ChessBase"]
[SourceDate "2021.10.06"]
[SourceVersion "1"]
[SourceVersionDate "2021.10.06"]
[SourceQuality "1"]

1. Nf3 d5 2. c4 d4 3. e3 Nc6 4. exd4 Nxd4 5. Nxd4 Qxd4 6. d3 e5 7. Nc3 Ne7 8. Be3 Qd8 9. d4 Nf5 10. dxe5 Qxd1+ 11. Rxd1 Nxe3 12. fxe3 Bb4 13. Be2 Bxc3+ 14. bxc3 Be6 15. 0-0 Ke7 16. Rf4 c5 17. Rb1 b6 18. Rff1 Rad8 19. Rfd1 Bf5 20. Rbc1 Ke6 21. Bf3 Kxe5 22. Bd5 f6 23. Rd2 Rd6 24. Rcd1 Rhd8 25. e4 Bxe4 26. Re1 f5 27. Rde2 Kf6 28. Bxe4 fxe4 29. Rxe4 Rd1 30. Rxd1 Rxd1+ 31. Kf2 Rd2+ 32. Re2 Rxe2+ 33. Kxe2 Ke5 34. Kd3 g5 35. g4 a6 1/2-1/2

[Event "Timbo op"]
[Site "Timbo"]
[Date "2021.02.19"]
[Round "2"]
[White "Moretto, Heitor Frainer"]
[Black "Butzke, Artur de Castro"]
[Result "1-0"]
[WhiteElo "1589"]
[BlackElo "1154"]
[PlyCount "65"]
[EventDate "2021.02.19"]
[EventType "swiss"]
[EventRounds "6"]
[EventCountry "BRA"]
[SourceTitle "EXT 2022"]
[Source "ChessBase"]
[SourceDate "2021.10.06"]
[SourceVersion "1"]
[SourceVersionDate "2021.10.06"]
[SourceQuality "1"]

1. e4 d6 2. d4 Nf6 3. Nc3 g6 4. Nf3 Nbd7 5. h3 Bg7 6. Be3 0-0 7. Bc4 e5 8. dxe5 dxe5 9. Qd2 b6 10. 0-0-0 Bb7 11. g4 Qe7 12. Ng5 Nb8 13. f3 Nc6 14. h4 Rad8 15. Qg2 Rxd1+ 16. Rxd1 Qb4 17. Bb3 Nd4 18. Bxd4 exd4 19. a3 Qd6 20. Nb5 Qf4+ 21. Qd2 Qxd2+ 22. Rxd2 c5 23. Nd6 Ba6 24. Bxf7+ Kh8 25. Be6 h6 26. Ndf7+ Rxf7 27. Nxf7+ Kh7 28. g5 h5 29. gxf6 Bxf6 30. Ng5+ Bxg5 31. hxg5 Kg7 32. c3 d3 33. c4 1-0

[Event "Sao Bento do Sul op 4th"]
[Site "Sao Bento do Sul"]
[Date "2020.10.31"]
[Round "3"]
[White "Pereira, Aline Vitoria"]
[Black "Moretto, Heitor Frainer"]
[Result "0-1"]
[WhiteElo "1322"]
[BlackElo "1493"]
[PlyCount "66"]
[EventDate "2020.10.31"]
[EventType "swiss"]
[EventRounds "6"]
[EventCountry "BRA"]
[SourceTitle "EXT 2022"]
[Source "ChessBase"]
[SourceDate "2021.10.06"]
[SourceVersion "1"]
[SourceVersionDate "2021.10.06"]
[SourceQuality "1"]

1. d4 d5 2. c4 dxc4 3. e4 e5 4. d5 Nf6 5. Nc3 Bb4 6. f3 Bxc3+ 7. bxc3 Nxe4 8. Qa4+ Bd7 9. Qxc4 Nd6 10. Qb3 0-0 11. Bd3 Qf6 12. Qc2 h6 13. Qf2 e4 14. Bc2 Qxc3+ 15. Qd2 Qxa1 16. fxe4 Re8 17. Ne2 Nxe4 18. Bxe4 Rxe4 19. 0-0 Bb5 20. Nc3 Bxf1 21. Nxe4 Ba6 22. Nc5 Bc4 23. Nxb7 Qxa2 24. Qxa2 Bxa2 25. d6 cxd6 26. Nxd6 Nc6 27. Be3 a5 28. Nb5 a4 29. Bf4 Bb3 30. Bd6 Na5 31. Na3 Nc4 32. Nxc4 Bxc4 33. Ba3 Rb8 0-1

[Event "Santa Catarina-ch 64th "]
[Site "Lages"]
[Date "2020.02.15"]
[Round "3"]
[White "Moretto, Heitor Frainer"]
[Black "Bitencourt, Evandro Jose dos S"]
[Result "0-1"]
[WhiteElo "1518"]
[BlackElo "1853"]
[PlyCount "62"]
[EventDate "2020.02.14"]
[EventType "swiss"]
[EventRounds "6"]
[EventCountry "BRA"]
[SourceTitle "CBM 195 Extra"]
[Source "ChessBase"]
[SourceDate "2020.05.31"]
[SourceVersion "1"]
[SourceVersionDate "2020.05.31"]
[SourceQuality "1"]

1. d4 Nf6 2. Bf4 d5 3. e3 e6 4. Nf3 b6 5. Bd3 Be7 6. h3 0-0 7. 0-0 Bb7 8. c4 Nbd7 9. Nc3 a6 10. Qe2 c5 11. Rfe1 dxc4 12. Bxc4 b5 13. Bb3 cxd4 14. exd4 b4 15. d5 Nc5 16. dxe6 Bxf3 17. exf7+ Kh8 18. gxf3 Nxb3 19. axb3 bxc3 20. Qxe7 Qxe7 21. Rxe7 cxb2 22. Rb1 Nd5 23. Re4 Nc3 24. Rxb2 Nxe4 25. fxe4 Rxf7 26. Bd6 Rd7 27. e5 Kg8 28. Kg2 Kf7 29. Kf3 Rc8 30. b4 Ke6 31. Ra2 Rc6 0-1

[Event "Florianopolis op 6th"]
[Site "Florianopolis"]
[Date "2020.01.21"]
[Round "3"]
[White "Moretto, Heitor Frainer"]
[Black "Bracht, Rainer"]
[Result "1/2-1/2"]
[WhiteElo "1498"]
[BlackElo "1856"]
[PlyCount "38"]
[EventDate "2020.01.20"]
[EventType "swiss"]
[EventRounds "10"]
[EventCountry "BRA"]
[SourceTitle "CBM 194 Extra"]
[Source "ChessBase"]
[SourceDate "2020.03.31"]
[SourceVersion "1"]
[SourceVersionDate "2020.03.31"]
[SourceQuality "1"]

1. d4 Nf6 2. Bf4 d5 3. e3 e6 4. Nf3 c5 5. c3 Nc6 6. Nbd2 Be7 7. h3 0-0 8. Bd3 h6 9. 0-0 cxd4 10. exd4 Bd6 11. Ne5 Qc7 12. Re1 Nd7 13. Qh5 Nf6 14. Qh4 Bxe5 15. dxe5 Nd7 16. Bxh6 Ndxe5 17. Bxg7 Kxg7 18. Qh7+ Kf6 19. Qh4+ Kg7 1/2-1/2

[Event "Sao Bento do Sul op 07"]
[Site "Sao Bento do Sul"]
[Date "2019.07.14"]
[Round "6"]
[White "Pertuzatti, Daniel"]
[Black "Moretto, Heitor Frainer"]
[Result "1-0"]
[WhiteElo "1941"]
[BlackElo "1561"]
[PlyCount "139"]
[EventDate "2019.07.12"]
[EventType "swiss"]
[EventRounds "7"]
[EventCountry "BRA"]
[SourceTitle "CBM 195 Extra"]
[Source "ChessBase"]
[SourceDate "2020.05.31"]
[SourceVersion "1"]
[SourceVersionDate "2020.05.31"]
[SourceQuality "1"]

1. e4 c5 2. Nf3 d6 3. d4 cxd4 4. Nxd4 Nf6 5. Nc3 a6 6. Bg5 e6 7. f4 Be7 8. Qf3 Nc6 9. 0-0-0 Qc7 10. g4 Bd7 11. f5 e5 12. Nb3 Na5 13. Be3 Nxb3+ 14. axb3 Bc6 15. g5 Nd7 16. Bc4 b5 17. Bd5 Rc8 18. Rd2 b4 19. Bxc6 bxc3 20. Bxd7+ Kxd7 21. Rf2 cxb2+ 22. Kxb2 Qc3+ 23. Kb1 f6 24. h4 Rb8 25. Bc1 Rhc8 26. Bb2 Qc6 27. Rd1 a5 28. gxf6 gxf6 29. Rg2 a4 30. Qd3 axb3 31. cxb3 Qb7 32. Rg7 Ke8 33. Rg8+ Kd7 34. Rg7 Ke8 35. Ka2 Ra8+ 36. Kb1 Rab8 37. Rdg1 Qxb3 38. Qxb3 Rxb3 39. Rxh7 Rcb8 40. Rg8+ Bf8 41. Rg2 Re3 42. Rc2 Re1+ 43. Ka2 Rxe4 44. h5 Ra4+ 45. Kb1 Rf4 46. Rh8 Kd7 47. h6 Bxh6 48. Rxb8 Rxf5 49. Ba3 Rf1+ 50. Ka2 Rd1 51. Rh2 Bf4 52. Rh7+ Ke6 53. Re8+ Kd5 54. Rf7 Bg5 55. Rd7 Kc6 56. Red8 d5 57. Rd6+ Kb5 58. Rxd5+ Rxd5 59. Rxd5+ Kc4 60. Rd1 f5 61. Kb2 e4 62. Kc2 e3 63. Bb2 f4 64. Rd4+ Kc5 65. Kd3 f3 66. Ba3+ Kc6 67. Rg4 f2 68. Ke2 Bd8 69. Bc1 Bb6 70. Rf4 1-0